| 000 | 01129nam a22002777a 4500 | ||
|---|---|---|---|
| 005 | 20121130155858.0 | ||
| 008 | 090408t xxu||||| |||| 00| 0 hin d | ||
| 010 | _aHIN-97520 | ||
| 020 |
_c120.00 _a97881904909348 |
||
| 035 | _aHN-69866 | ||
| 037 | _bDBAD / PUB | ||
| 040 |
_aDPL _bHN |
||
| 082 | _a822 | ||
| 100 |
_927482 _aशर्मा, रामदुलारी |
||
| 245 |
_aजलियांवाला बाग़ / _cरामदुलारी शर्मा |
||
| 260 |
_bराजेश्वरी प्रकाशन _c2012 _aगुना (म.प्र.) |
||
| 270 |
_aभार्गव कॉलोनी _bगुना (म.प्र.) _e473001 _k9827201609 |
||
| 300 | 1 |
_a88पृ. _c22सेमी (सजिल्द) |
|
| 650 |
_91169 _aहिन्दी नाटक |
||
| 650 |
_aHindi Play _953964 |
||
| 700 | _927483 | ||
| 710 | _952094 | ||
| 711 | _952444 | ||
| 942 |
_adpl _cHN _2ddc _mशर्मारा _h822 |
||
| 999 |
_c71761 _d71761 |
||